Pengantar ilmu mantik

Bibliographic Details
Main Authors: Ab. Latif Muda (Author), Rosmawati Ali @ Mat Zin (Author)
Format: Book
Language:Malay
Published: Kuala Lumpur : Pustaka Salam Sdn. Bhd 2009
Edition:Edisi Kedua
Series:Teks komprehensif Pengajian Islam
Subjects:

MARC

LEADER 00000cam a2200000 7i4500
001 0000028110
005 20241121.0
008 180914 my may
020 |a 9789679755435 
040 |a INS   |b eng   |e rda 
090 0 0 |a BP166   |b A63 2009 
100 0 |a Ab. Latif Muda ,   |e author 
245 1 0 |a Pengantar ilmu mantik   |c Ustaz Ab. Latif Muda, Dr. Rosmawati Ali @ Mat Zin 
250 |a Edisi Kedua 
264 1 |a Kuala Lumpur :   |b Pustaka Salam Sdn. Bhd   |c 2009 
300 |a xviii, 347 pages ;   |c 22 cm. 
336 |a text  |2 rdacontent 
337 |a unmediated  |2 rdamedia 
338 |a volume  |2 rdacarrier 
440 |a Teks komprehensif Pengajian Islam 
504 |a Includes bibliographical references: Page 345-347 
650 0 |a Logic 
700 1 |a Rosmawati Ali @ Mat Zin ,   |e author 
999 |a 1000003584   |b BOOK   |c Open Shelf   |e Default branch 
999 |a 1000003585   |b BOOK   |c Open Shelf   |e Default branch